000 01651nam a22003734i 4500
999 _c63604
_d63604
001 ebr10272242
003 CO-MdFUSB
005 20200414205105.0
007 cr cn|||||||||
008 130510t2009 sp gs 000 0 spa d
020 _z9788431354299
_a[electrónico]
040 _aFlNmELB
_bspa.
_cCO-MdFUSB
_dCO-MdFUSBC
_erda
041 _aspa
082 _a348.11:304
245 0 3 _aEl mensaje social cristiano
_c/ editado por Julio de la Vega-Hazas
_h[recurso electrónico]
264 1 _aEspaña :
_bEUNSA,
_c[2009]
264 4 _c© 2009
300 _arecurso en línea (193 páginas)
_c;
336 _2rdacontent
_atexto
_btxt
337 _2rdamedia
_ainformático
_bc
338 _2rdacarrier
_aremoto
_bcr
347 _2rda
_afichero de texto
_bHtml
505 _aFundamentos De La Doctrina Social De La Iglesia. -- Principios De La Doctrina Social De La Iglesia. -- La Familia. -- El Derecho. -- Ética Fiscal De Los Principios A La Práctica. -- Las Relaciones Laborales. -- La Empresa. -- El Mercado. -- Apéndice 1. -- Congregación Para La Doctrina De La Fe: (...). -- Apéndice 2 Discurso Del Santo Padre Benedicto Xvi (...)
516 _a texto electrónico
538 _aAcceso a Internet; requiere usuario y clave asignada por la biblioteca
650 4 _aIglesia.
650 4 _aDoctrinas religiosas.
700 1 _aVega-Hazas, Julio de la,
_eeditor
856 4 0 _uhttp://site.ebrary.com/lib/unisbcsp/Doc?id=10272242
_b10272242
_zAbrir Versión electrónica del libro El mensaje social cristiano
942 _cBK
945 _aJTF-925